BASIC ORAL RADIOLOGY (Record no. 34935)

MARC details
000 -LEADER
fixed length control field 00381nam a22001697a 4500
003 - CONTROL NUMBER IDENTIFIER
control field SGT
020 ## - INTERNATIONAL STANDARD BOOK NUMBER
International Standard Book Number 978-93-5152-321-5
082 ## - DEWEY DECIMAL CLASSIFICATION NUMBER
Classification number 617.63
Item number B14G
100 ## - MAIN ENTRY--PERSONAL NAME
Personal name GHOM ,ANIL GOVINDRAO
245 ## - TITLE STATEMENT
Title BASIC ORAL RADIOLOGY
250 ## - EDITION STATEMENT
Edition statement 1ST
260 ## - PUBLICATION, DISTRIBUTION, ETC. (IMPRINT)
Place of publication, distribution, etc NEW DELHI
Name of publisher, distributor, etc JAYPEE BROTHERS
Year of Publication 2014
300 ## - PAGE DESCRIPTION
No. of Pages 208
650 ## - SUBJECT ADDED ENTRY--TOPICAL TERM
Topical term or geographic name as entry element ORAL MEDICINE
942 ## - ADDED ENTRY ELEMENTS (KOHA)
Source of classification or shelving scheme Dewey Decimal Classification
Koha item type Books
Holdings
Withdrawn status Lost status Source of classification or shelving scheme Damaged status Not for loan Home library Current library Date acquired SGTU Total Checkouts Full call number Accession No. (Barcode) Date last seen Bill Date Koha item type
    Dewey Decimal Classification     SGT Dental Library SGT Dental Library 02/06/2026 SGTU   617.63 B14G FD10231 02/06/2026 02/06/2026 Books